2019: Mírné zlepšení životního prostředí v ČR
Zpráva o životním prostředí České republiky v roce 2019 - klimatický systém, ovzdušie, príroda a krajina, priemysel a energetika, odpad, verejnosť a životné prostredie a globálny kontext. Emisie zo spalovania, lokálne vykurovanie ako významný zdroj znečistenia a zlepšenie kvality vody v riekach. Les...
Salvato in:
| Autore principale: | |
|---|---|
| Natura: | Capitolo di libro |
| Lingua: | ceco |
| Soggetti: | |
| Tags: |
Nessun Tag, puoi essere il primo ad aggiungerne!!
|
MARC
| LEADER | 00000naa a2200000 4500 | ||
|---|---|---|---|
| 001 | 0278350 | ||
| 005 | 20210908083445.2 | ||
| 041 | 0 | |a cze | |
| 044 | |a CZ | ||
| 245 | 1 | 0 | |a 2019: Mírné zlepšení životního prostředí v ČR |c Hana Halfarová |
| 520 | |a Zpráva o životním prostředí České republiky v roce 2019 - klimatický systém, ovzdušie, príroda a krajina, priemysel a energetika, odpad, verejnosť a životné prostredie a globálny kontext. Emisie zo spalovania, lokálne vykurovanie ako významný zdroj znečistenia a zlepšenie kvality vody v riekach. Lesy ako ekosystém. Skladba priemyslu, energetiky a ťažby surovín ako energeticky náročná s vysokými emisiami. Skládkovanie odpadu a obehové hospodárstvo. Vzrast investícií do ochrany životného prostredia. Kvalita života v budúcnosti. | ||
| 610 | 2 | 0 | |a prostredie životné |
| 610 | 2 | 0 | |a klimatológia |
| 610 | 2 | 0 | |a priemysel |
| 610 | 2 | 0 | |a ochrana ovzdušia |
| 610 | 2 | 0 | |a ochrana prostredia životného |
| 610 | 2 | 0 | |a ekológia |
| 610 | 2 | 0 | |a emisie |
| 610 | 2 | 0 | |a energetika |
| 610 | 2 | 0 | |a hospodárstvo obehové |
| 610 | 2 | 0 | |a Česko |
| 100 | 1 | |a Halfarová, Hana | |